[Event "Gyumri 2008"]
[Site "Gyumri ARM"]
[Date "2008.05.03"]
[Round "8.5"]
[White "Chibukhchian, Artur"]
[Black "Zubarev, Alexander"]
[Result "1/2-1/2"]
[WhiteElo "2428"]
[BlackElo "2510"]
[PlyCount "123"]
[EventDate "2008.04.25"]
[EventType "tourn"]
[EventRounds "11"]
[EventCountry "ARM"]
[Source "lmi"]
[SourceDate "2008.04.25"]

1. d4 Nf6 2. Nf3 e6 3. Bg5 c5 4. e3 h6 5. Bh4 b6 6. c4 Bb7 7. Nc3 Be7 8. Bd3
cxd4 9. exd4 Bxf3 10. Qxf3 Nc6 11. Ne2 O-O 12. O-O Nb4 13. Bb1 d5 14. a3 Nc6
15. Bxf6 Bxf6 16. cxd5 exd5 17. Qd3 g6 18. Nf4 Bg7 19. Ba2 Qd6 20. Bxd5 Qxf4
21. Bxc6 Rad8 22. d5 Bxb2 23. Ra2 Bd4 24. g3 Qf6 25. Kg2 Rd6 26. Re2 Bc5 27. a4
Rfd8 28. Qe4 Qc3 29. f4 Bd4 30. Rf3 Qa1 31. Rf1 Qc3 32. Rc2 Qb3 33. Rf3 Qb1 34.
Rf1 Qb3 35. Re2 Bf6 36. Rf3 Qd1 37. Rf1 Qb3 38. Qf3 Qc4 39. h4 a6 40. Re4 Qc2+
41. Rf2 Qc5 42. h5 gxh5 43. Qxh5 Rxc6 44. Qg4+ Bg7 45. dxc6 f5 46. c7 Rf8 47.
Qf3 fxe4 48. Qb3+ Kh7 49. Rc2 Qf5 50. Qxb6 a5 51. Qc6 Rc8 52. Rc5 Qg6 53. Qd7
Qa6 54. Qf5+ Kh8 55. Qxe4 Qd6 56. Qb7 Qe6 57. Qb5 Qa2+ 58. Kh3 Qe6+ 59. Kh2
Qa2+ 60. Kh3 Qe6+ 61. Kh2 Qa2+ 62. Kh3 1/2-1/2

[Event "Gyumri 2008"]
[Site "Gyumri ARM"]
[Date "2008.05.03"]
[Round "8.6"]
[White "Vorobiov, Evgeny"]
[Black "Hairapetian, Arman"]
[Result "1-0"]
[WhiteElo "2536"]
[BlackElo "2414"]
[PlyCount "97"]
[EventDate "2008.04.25"]
[EventType "tourn"]
[EventRounds "11"]
[EventCountry "ARM"]
[Source "lmi"]
[SourceDate "2008.04.25"]

1. e4 e5 2. Nc3 Nf6 3. Nf3 Nc6 4. Bb5 Nd4 5. Bc4 Bc5 6. Nxe5 Qe7 7. Nf3 d5 8.
Bxd5 Nxd5 9. Nxd4 Bxd4 10. Nxd5 Qxe4+ 11. Qe2 Bf5 12. Qxe4+ Bxe4 13. Nxc7+ Kd7
14. d3 Bxg2 15. Rg1 Kxc7 16. Rxg2 Rhe8+ 17. Kf1 f5 18. c3 Bf6 19. Bg5 Bxg5 20.
Rxg5 g6 21. Re1 Kd6 22. Rg3 Rxe1+ 23. Kxe1 f4 24. Rg1 Re8+ 25. Kd2 Re5 26. Rg4
g5 27. Rg1 Ra5 28. a3 Ke6 29. Re1+ Kf5 30. Re7 Kg4 31. Ke2 h5 32. d4 Rd5 33. a4
Rd6 34. Re5 a6 35. d5 b5 36. a5 Rd8 37. b3 h4 38. h3+ Kxh3 39. Rxg5 Kh2 40. c4
bxc4 41. bxc4 h3 42. c5 Kh1 43. Kf3 Rb8 44. c6 Rb3+ 45. Kxf4 h2 46. Rh5 Rc3 47.
Ke5 Kg2 48. Rxh2+ Kxh2 49. Kd6 1-0

[Event "Gyumri 2008"]
[Site "Gyumri ARM"]
[Date "2008.05.04"]
[Round "9.1"]
[White "Hairapetian, Arman"]
[Black "Babujian, Levon"]
[Result "1-0"]
[WhiteElo "2414"]
[BlackElo "2413"]
[PlyCount "87"]
[EventDate "2008.04.25"]
[EventType "tourn"]
[EventRounds "11"]
[EventCountry "ARM"]
[Source "lmi"]
[SourceDate "2008.04.25"]

1. e4 e5 2. Nf3 Nc6 3. Bb5 a6 4. Ba4 Nf6 5. Bxc6 dxc6 6. d3 Bd6 7. Nbd2 b5 8.
O-O c5 9. a4 Rb8 10. axb5 axb5 11. b3 O-O 12. Bb2 Qe7 13. Re1 Rd8 14. Nh4 Ng4
15. Ndf3 g6 16. Bc1 c4 17. h3 Nf6 18. Bg5 Bb4 19. Rf1 cxd3 20. cxd3 Rb6 21. Ra8
Bc3 22. Nh2 h6 23. Bxh6 Nxe4 24. Qc1 Bd2 25. Bxd2 Nxd2 26. Qxd2 Qxh4 27. Nf3
Qe7 28. Qh6 g5 29. Qxg5+ Qxg5 30. Nxg5 f6 31. Rc1 c6 32. Ne6 Re8 33. Nc5 Kf7
34. Rca1 Bf5 35. R1a7+ Re7 36. b4 Rxa7 37. Rxa7+ Ke8 38. Ra8+ Ke7 39. Kf1 Be6
40. Ke2 f5 41. Ke3 Bd5 42. g3 Bf7 43. Ra7+ Ke8 44. Nd7 1-0

[Event "Gyumri 2008"]
[Site "Gyumri ARM"]
[Date "2008.05.04"]
[Round "9.2"]
[White "Zubarev, Alexander"]
[Black "Vorobiov, Evgeny"]
[Result "1/2-1/2"]
[WhiteElo "2510"]
[BlackElo "2536"]
[PlyCount "53"]
[EventDate "2008.04.25"]
[EventType "tourn"]
[EventRounds "11"]
[EventCountry "ARM"]
[Source "lmi"]
[SourceDate "2008.04.25"]

1. e4 c5 2. Nf3 e6 3. c3 d5 4. e5 d4 5. Bd3 Bd7 6. Be4 Bc6 7. Qe2 Ne7 8. O-O
Ng6 9. d3 Nh4 10. Nxh4 Qxh4 11. Nd2 Qd8 12. Qg4 dxc3 13. bxc3 Bxe4 14. Nxe4 Nc6
15. Rb1 Nxe5 16. Qg3 Qxd3 17. Qxd3 Nxd3 18. Rxb7 Be7 19. c4 Nxc1 20. Rxc1 f5
21. Nc3 Kf7 22. Na4 Kf6 23. Kf1 Rhd8 24. Rc2 Rd4 25. Rc7 Bd6 26. Rc6 Rd8 27.
Nxc5 1/2-1/2

[Event "Gyumri 2008"]
[Site "Gyumri ARM"]
[Date "2008.05.04"]
[Round "9.3"]
[White "Melkumyan, Hrant"]
[Black "Chibukhchian, Artur"]
[Result "1/2-1/2"]
[WhiteElo "2534"]
[BlackElo "2428"]
[PlyCount "24"]
[EventDate "2008.04.25"]
[EventType "tourn"]
[EventRounds "11"]
[EventCountry "ARM"]
[Source "lmi"]
[SourceDate "2008.04.25"]

1. d4 Nf6 2. c4 e6 3. Nc3 Bb4 4. Qc2 c5 5. dxc5 O-O 6. a3 Bxc5 7. Nf3 b6 8. Bg5
Bb7 9. e3 Be7 10. Rd1 d6 11. Be2 a6 12. O-O Nbd7 1/2-1/2

[Event "Gyumri 2008"]
[Site "Gyumri ARM"]
[Date "2008.05.04"]
[Round "9.4"]
[White "Gelashvili, Tamaz"]
[Black "Kalashian, David"]
[Result "1-0"]
[WhiteElo "2622"]
[BlackElo "2439"]
[PlyCount "81"]
[EventDate "2008.04.25"]
[EventType "tourn"]
[EventRounds "11"]
[EventCountry "ARM"]
[Source "lmi"]
[SourceDate "2008.04.25"]

1. e4 c5 2. b3 d6 3. Bb2 Nf6 4. Bb5+ Nbd7 5. Qe2 a6 6. Bxd7+ Bxd7 7. f4 e6 8.
Nf3 Bc6 9. d3 Qc7 10. Nbd2 O-O-O 11. O-O h6 12. a4 Rg8 13. Nc4 Nd7 14. Bc3 g5
15. fxg5 hxg5 16. a5 g4 17. Nfd2 Bg7 18. Bxg7 Rxg7 19. Rae1 Rh8 20. g3 d5 21.
exd5 Bxd5 22. Ne5 Rgh7 23. Nxd7 Qxd7 24. Rf2 f5 25. c4 Bc6 26. Qxe6 f4 27. Nf1
f3 28. Rd2 Rd8 29. Kf2 Kc7 30. Qe5+ Kc8 31. Qxc5 Rdh8 32. Kg1 Rh5 33. Qf2 Rxa5
34. d4 Qg7 35. d5 Bd7 36. Qb6 Ra1 37. Rxa1 Qxa1 38. d6 Kb8 39. Qc7+ Ka8 40.
Qxd7 Qa5 41. Qxg4 1-0

[Event "Gyumri 2008"]
[Site "Gyumri ARM"]
[Date "2008.05.04"]
[Round "9.5"]
[White "Gabrielian, Artur"]
[Black "Simonian, Hrair"]
[Result "1/2-1/2"]
[WhiteElo "2494"]
[BlackElo "2443"]
[PlyCount "85"]
[EventDate "2008.04.25"]
[EventType "tourn"]
[EventRounds "11"]
[EventCountry "ARM"]
[Source "lmi"]
[SourceDate "2008.04.25"]

1. e4 c5 2. Nf3 e6 3. d4 cxd4 4. Nxd4 a6 5. Nc3 b5 6. Bd3 Bc5 7. Nb3 Be7 8. O-O
Bb7 9. e5 Nc6 10. Re1 Qc7 11. Qe2 h5 12. h3 g5 13. a4 b4 14. Ne4 Qxe5 15. Qd1
g4 16. Nec5 Qc7 17. Nxb7 Qxb7 18. hxg4 hxg4 19. Qxg4 Nf6 20. Qf3 Rh5 21. Nd4
O-O-O 22. Nxc6 dxc6 23. Be3 Rdh8 24. Kf1 c5 25. Qxb7+ Kxb7 26. Rad1 Nd5 27. Be4
Kb6 28. g4 Re5 29. Bc1 Nf6 30. Bg2 Nxg4 31. Rxe5 Nxe5 32. f4 Nc6 33. Rd7 Rd8
34. Bxc6 Kxc6 35. Rxe7 Rd1+ 36. Ke2 Rxc1 37. Kd2 Rh1 38. Rxf7 Kd5 39. Rd7+ Ke4
40. Rd6 Rh6 41. Rxa6 Rh2+ 42. Kc1 Rh1+ 43. Kd2 1/2-1/2